000 00639nam a2200277Ia 4500
005 20260324135107.0
008 008 260324s9999 xx 000 0 eng d
020 _a9780429338656
037 _aEBOOK
040 _aCRL
040 _beng
040 _cCRL
041 _2eng
041 _aeng
084 _qCRL
100 _aNorman K. Denzin; Georges Gurvitch
_91199314
245 0 _aSociology of Law
260 _bTaylor and Francis
260 _c2001
365 _a
365 _b205
856 _uhttp://www.taylorfrancis.com/books/9780429338656
942 _cEBOOK
999 _c1800040
_d1800040